<?xml version="1.0" encoding="UTF-8"?>
<record
    xmlns:xsi="http://www.w3.org/2001/XMLSchema-instance"
    xsi:schemaLocation="http://www.loc.gov/MARC21/slim http://www.loc.gov/standards/marcxml/schema/MARC21slim.xsd"
    xmlns="http://www.loc.gov/MARC21/slim">

  <leader>03246njm a2200493Ia 4500</leader>
  <controlfield tag="001">D7001</controlfield>
  <controlfield tag="003">IT-RoPAU</controlfield>
  <controlfield tag="005">20220918181117.0</controlfield>
  <controlfield tag="008">131025s9999    xx            000 0 und d</controlfield>
  <datafield tag="040" ind1=" " ind2=" ">
    <subfield code="a">IT-RoPAU</subfield>
  </datafield>
  <datafield tag="040" ind1=" " ind2=" ">
    <subfield code="c">IT-RoPAU</subfield>
  </datafield>
  <datafield tag="041" ind1=" " ind2=" ">
    <subfield code="a">ITALIANO</subfield>
  </datafield>
  <datafield tag="999" ind1=" " ind2=" ">
    <subfield code="c">99515</subfield>
    <subfield code="d">99515</subfield>
  </datafield>
  <datafield tag="999" ind1=" " ind2=" ">
    <subfield code="b">n.d.</subfield>
  </datafield>
  <datafield tag="100" ind1=" " ind2=" ">
    <subfield code="a">AA.VV.</subfield>
    <subfield code="9">794</subfield>
  </datafield>
  <datafield tag="100" ind1=" " ind2=" ">
    <subfield code="e">Autore musica</subfield>
    <subfield code="9">31029</subfield>
  </datafield>
  <datafield tag="100" ind1=" " ind2=" ">
    <subfield code="g">Codice autore musica SPICS: 12000</subfield>
    <subfield code="9">796</subfield>
  </datafield>
  <datafield tag="245" ind1=" " ind2=" ">
    <subfield code="a">Inedito per Maria</subfield>
  </datafield>
  <datafield tag="250" ind1=" " ind2=" ">
    <subfield code="a">1a ed.</subfield>
  </datafield>
  <datafield tag="260" ind1=" " ind2=" ">
    <subfield code="a">ALBANO</subfield>
  </datafield>
  <datafield tag="260" ind1=" " ind2=" ">
    <subfield code="b">EP - MUSICALI E DISCOGRAFICHE</subfield>
    <subfield code="c">1995 [1a Ed.:1995 - Ed. Lingua Orig.: 1995]</subfield>
  </datafield>
  <datafield tag="300" ind1=" " ind2=" ">
    <subfield code="a">MUSICASSETTA</subfield>
  </datafield>
  <datafield tag="300" ind1=" " ind2=" ">
    <subfield code="c">5 minuti (Testo:  pag.)</subfield>
  </datafield>
  <datafield tag="500" ind1=" " ind2=" ">
    <subfield code="a">Musica religiosa. Vedi 9949 D6987</subfield>
  </datafield>
  <datafield tag="505" ind1=" " ind2=" ">
    <subfield code="a">Dedicato a Maria [(Inti-Illimani) (5:00)] - Se non fosse Maria [(Trampetti Patrizio) (4:00)] - Mother Mary [(Potter Karl) (5:00)] - Ballata di una madre [(Bennato Eugenio) (4:00)] - Madre Maria [(Conidi Marco) (6:00)] - Ex voto [(Montecorvino Pietra) (4:00)] - I di Go [(Nassara) (4:00)] - Passar&#xE0; Mar&#xEC; [(Zurzolo Marco) (4:00)] - Hallelu'yah [(Parigi Susanna) (5:00)] - Aspettami Maria [(Boccassini Fedele) (5:00)] - Ave Maria di Seuna [(Caporale F.) (5:00)] - Insegnaci ad amare [(Quadraccia Carla) (5:00)] - Maronne in festa [(Canzoniere della Rita e della Manca) (5:00)] - Inedito per Maria (5:00)</subfield>
  </datafield>
  <datafield tag="650" ind1=" " ind2=" ">
    <subfield code="a">RELIGIOSO [CASSETTE]</subfield>
    <subfield code="e">Codice MATERIA SPICS: 9951</subfield>
    <subfield code="9">785</subfield>
  </datafield>
  <datafield tag="700" ind1=" " ind2=" ">
    <subfield code="a">Trampetti Patrizio</subfield>
    <subfield code="d">Codice autore musica SPICS: 45878</subfield>
    <subfield code="e">Autore musica</subfield>
    <subfield code="p">Dedicato a Maria - Se non fosse Maria - Passar&#xE0; Mar&#xEC;</subfield>
    <subfield code="9">31030</subfield>
  </datafield>
  <datafield tag="700" ind1=" " ind2=" ">
    <subfield code="a">Di Domenico Mauro</subfield>
    <subfield code="d">Codice autore SPICS: 45879</subfield>
    <subfield code="e">Autore</subfield>
    <subfield code="p">Dedicato a Maria - Se non fosse Maria</subfield>
    <subfield code="9">31031</subfield>
  </datafield>
  <datafield tag="700" ind1=" " ind2=" ">
    <subfield code="a">Potter Karl</subfield>
    <subfield code="d">Codice autore musica SPICS: 45880</subfield>
    <subfield code="e">Autore musica</subfield>
    <subfield code="p">Mother Mary</subfield>
    <subfield code="9">31032</subfield>
  </datafield>
  <datafield tag="700" ind1=" " ind2=" ">
    <subfield code="a">Genovesi Roberto</subfield>
    <subfield code="d">Codice autore SPICS: 45881</subfield>
    <subfield code="e">Autore</subfield>
    <subfield code="p">Mother Mary</subfield>
    <subfield code="9">31033</subfield>
  </datafield>
  <datafield tag="700" ind1=" " ind2=" ">
    <subfield code="a">Bennato Eugenio</subfield>
    <subfield code="d">Codice autore testo/musica SPICS: 10753</subfield>
    <subfield code="e">Autore testo/musica</subfield>
    <subfield code="p">Ballata di una madre</subfield>
    <subfield code="9">31034</subfield>
  </datafield>
  <datafield tag="700" ind1=" " ind2=" ">
    <subfield code="a">Conidi Marco</subfield>
    <subfield code="d">Codice autore testo/musica SPICS: 38446</subfield>
    <subfield code="e">Autore testo/musica</subfield>
    <subfield code="p">Madre Maria</subfield>
    <subfield code="9">31035</subfield>
  </datafield>
  <datafield tag="700" ind1=" " ind2=" ">
    <subfield code="a">Montecorvino Pietra</subfield>
    <subfield code="d">Codice autore musica SPICS: 45882</subfield>
    <subfield code="e">Autore musica</subfield>
    <subfield code="p">Ex voto</subfield>
    <subfield code="9">31036</subfield>
  </datafield>
  <datafield tag="700" ind1=" " ind2=" ">
    <subfield code="a">Bigna</subfield>
    <subfield code="d">Codice autore musica SPICS: 45883</subfield>
    <subfield code="e">Autore musica</subfield>
    <subfield code="p">I di Go</subfield>
    <subfield code="9">31037</subfield>
  </datafield>
  <datafield tag="700" ind1=" " ind2=" ">
    <subfield code="a">Mbakop</subfield>
    <subfield code="d">Codice autore SPICS: 45884</subfield>
    <subfield code="e">Autore</subfield>
    <subfield code="p">I di Go</subfield>
    <subfield code="9">31038</subfield>
  </datafield>
  <datafield tag="700" ind1=" " ind2=" ">
    <subfield code="a">Zurzolo Marco</subfield>
    <subfield code="d">Codice autore SPICS: 45886</subfield>
    <subfield code="e">Autore</subfield>
    <subfield code="p">Passar&#xE0; Mar&#xEC;</subfield>
    <subfield code="9">31039</subfield>
  </datafield>
  <datafield tag="700" ind1=" " ind2=" ">
    <subfield code="a">Parigi Susanna</subfield>
    <subfield code="d">Codice autore testo/musica SPICS: 45887</subfield>
    <subfield code="e">Autore testo/musica</subfield>
    <subfield code="p">Hallelu'yah</subfield>
    <subfield code="9">31040</subfield>
  </datafield>
  <datafield tag="700" ind1=" " ind2=" ">
    <subfield code="a">Boccassini Fedele</subfield>
    <subfield code="d">Codice autore testo/musica SPICS: 43206</subfield>
    <subfield code="e">Autore testo/musica</subfield>
    <subfield code="p">Aspettami Maria</subfield>
    <subfield code="9">31041</subfield>
  </datafield>
  <datafield tag="700" ind1=" " ind2=" ">
    <subfield code="a">Caporale F.</subfield>
    <subfield code="d">Codice autore testo/musica SPICS: 40162</subfield>
    <subfield code="e">Autore testo/musica</subfield>
    <subfield code="p">Ave Maria di Seuna - Insegnaci ad amare</subfield>
    <subfield code="9">31042</subfield>
  </datafield>
  <datafield tag="700" ind1=" " ind2=" ">
    <subfield code="a">Brusati Marco</subfield>
    <subfield code="d">Codice autore musica SPICS: 45888</subfield>
    <subfield code="e">Autore musica</subfield>
    <subfield code="p">Insegnaci ad amare</subfield>
    <subfield code="9">31043</subfield>
  </datafield>
  <datafield tag="700" ind1=" " ind2=" ">
    <subfield code="a">Vincenti Valter</subfield>
    <subfield code="d">Codice autore SPICS: 45889</subfield>
    <subfield code="e">Autore</subfield>
    <subfield code="p">Insegnaci ad amare</subfield>
    <subfield code="9">31044</subfield>
  </datafield>
  <datafield tag="700" ind1=" " ind2=" ">
    <subfield code="a">Canzoniere Della Rita e Della Manca </subfield>
    <subfield code="d">Codice autore testo/musica SPICS: 45891</subfield>
    <subfield code="e">Autore testo/musica</subfield>
    <subfield code="p">Maronne in festa</subfield>
    <subfield code="9">31045</subfield>
  </datafield>
  <datafield tag="700" ind1=" " ind2=" ">
    <subfield code="a">AA.VV.</subfield>
    <subfield code="d">Codice autore musica SPICS: 12000</subfield>
    <subfield code="e">Autore musica</subfield>
    <subfield code="p">Inedito per Maria</subfield>
    <subfield code="9">31046</subfield>
  </datafield>
  <datafield tag="942" ind1=" " ind2=" ">
    <subfield code="c">MC</subfield>
    <subfield code="2">ddc</subfield>
  </datafield>
  <datafield tag="952" ind1=" " ind2=" ">
    <subfield code="0">0</subfield>
    <subfield code="1">0</subfield>
    <subfield code="4">0</subfield>
    <subfield code="6">D_7001_000000000000000</subfield>
    <subfield code="7">1</subfield>
    <subfield code="a">SPICS</subfield>
    <subfield code="b">SPICS</subfield>
    <subfield code="d">2013-10-25</subfield>
    <subfield code="l">0</subfield>
    <subfield code="o">D7001</subfield>
    <subfield code="r">2013-10-25 00:00:00</subfield>
    <subfield code="w">2013-10-25</subfield>
    <subfield code="y">MC</subfield>
    <subfield code="z">Progr. Ins.: 2071 / N.Vol.: 1 / Copie: 2 - Copia rara: n.d. / date import: 01.01.2014 - By Epidotti, Trombetti, Vaglietti</subfield>
  </datafield>
</record>
